|
|
|
|
| LEADER |
01756cam a2200445 a 4500 |
| 001 |
nkc20142569849 |
| 003 |
CZ PrNK |
| 005 |
20140407094023.0 |
| 007 |
ta |
| 008 |
140218s2013 xr e p 000 0 cze d |
| 015 |
|
|
|a cnb002569849
|
| 020 |
|
|
|a 978-80-244-3628-9
|q (brož.) :
|c neprodejné
|
| 035 |
|
|
|a (OCoLC)876342896
|
| 040 |
|
|
|a PNA001
|b cze
|d OLA001
|
| 072 |
|
7 |
|a 005
|x Management. Řízení
|2 Konspekt
|9 4
|
| 072 |
|
7 |
|a 37.016
|x Učební osnovy. Vyučovací předměty. Učebnice
|2 Konspekt
|9 22
|
| 080 |
|
|
|a 005.95/.96
|2 MRF
|
| 080 |
|
|
|a 005.57
|2 MRF
|
| 080 |
|
|
|a (075.8)
|2 MRF
|
| 100 |
1 |
|
|a Vávrová, Petra,
|d 1972-
|7 ola2011628785
|4 aut
|
| 245 |
1 |
0 |
|a Vybrané aspekty interní komunikace v praxi personálního managementu :
|b studijní text pro kombinované studium /
|c Petra Vávrová
|
| 250 |
|
|
|a 1. vyd.
|
| 260 |
|
|
|a Olomouc :
|b Univerzita Palackého v Olomouci,
|c 2013
|
| 300 |
|
|
|a 54 s. ;
|c 29 cm
|
| 490 |
1 |
|
|a Studijní opory
|
| 504 |
|
|
|a Obsahuje bibliografii
|
| 521 |
8 |
|
|a Určeno pro formu studia a studijní program (obor): Andragogika v profilaci na personální management, kombinované studium
|
| 650 |
0 |
7 |
|a personální management
|7 ph115721
|2 czenas
|
| 650 |
0 |
7 |
|a manažerská komunikace
|7 ph198716
|2 czenas
|
| 650 |
0 |
9 |
|a personnel management
|2 eczenas
|
| 650 |
0 |
9 |
|a communication in management
|2 eczenas
|
| 655 |
|
7 |
|a učebnice vysokých škol
|7 fd133772
|2 czenas
|
| 655 |
|
9 |
|a textbooks (higher)
|2 eczenas
|
| 710 |
2 |
|
|a Univerzita Palackého
|7 kn20010709130
|
| 810 |
2 |
|
|a Univerzita Palackého.
|t Studijní opory
|0 s
|
| 910 |
2 |
|
|a BOA001
|b 4-1323.196
|
| 990 |
|
|
|a BK
|
| 995 |
|
|
|a 01
|
| 991 |
|
|
|b 201403
|c NOV
|e n
|
| 996 |
6 |
|
|b 2610585040
|c 4-1323.196
|l MZK
|r Sklad / do 1 hodiny
|n 21
|p p.v.
|w 001408246
|u 000010
|a 1
|e BOA001
|j MZK50
|s P
|